Produkt a kvalita praktikum

Saved in:
Bibliographic Details
Main Author: Košútová, Tatiana, 1962-
Corporate Author: Ekonomická univerzita v Bratislave. Obchodná fakulta
Other Authors: Kollár, Vojtech, Kristová, Ľudmila, Piatrik, Milan, Karkalíková, Marta
Format: Book
Language:Slovak
Published: Bratislava Vydavateľstvo EKONÓM 2009
Subjects:
Tags: Add Tag
No Tags, Be the first to tag this record!

MARC

LEADER 00000nam$a2200000$$$4500
001 0103739
005 20240523125003.3
020 |a 978-80-225-2781-1 
041 0 |a slo 
044 |a SK 
245 1 0 |a Produkt a kvalita  |b praktikum  |c Tatiana Košútová a kolektív 
264 1 |a Bratislava  |b Vydavateľstvo EKONÓM  |c 2009 
300 |a 163 s. 
610 2 0 |a produkty 
610 2 0 |a tovar 
610 2 0 |a kvalita 
610 2 0 |a regulácia trhu 
610 2 0 |a riadenie kvality 
610 2 0 |a užitočnosť výrobkov 
610 2 0 |a obaly 
610 2 0 |a ochrana prostredia životného 
100 1 |a Košútová, Tatiana, 1962- 
700 1 |a Kollár, Vojtech 
700 1 |a Kristová, Ľudmila 
700 1 |a Piatrik, Milan 
700 1 |a Karkalíková, Marta 
710 2 |a Ekonomická univerzita v Bratislave. Obchodná fakulta